Central Library OPAC University of Rajshahi

Mechanisms of oxidation by metal ions / (Record no. 70094)

MARC details
000 -LEADER
fixed length control field 00935nam a2200277 a 4500
001 - CONTROL NUMBER
control field 70094
003 - CONTROL NUMBER IDENTIFIER
rucl marc code BD-RjUL
005 - DATE AND TIME OF LATEST TRANSACTION
control field 20211209081949.0
008 - FIXED-LENGTH DATA ELEMENTS--GENERAL INFORMATION
fixed length control field 170416s1976 ne b 001 0 eng
020 ## - INTERNATIONAL STANDARD BOOK NUMBER
International Standard Book Number 0444413251
035 ## - SYSTEM CONTROL NUMBER
System control number (BD-RjUL)70306
040 ## - CATALOGING SOURCE
Original cataloging agency DLC
Transcribing agency DLC
Modifying agency DLC
-- BD-RjUL
Language of cataloging eng
041 ## - LANGUAGE CODE
Language code of text/sound track or separate title eng
082 00 - DEWEY DECIMAL CLASSIFICATION NUMBER
Edition number 23
Classification number 547.23
Author mark and year BEM 1976
100 1# - MAIN ENTRY--PERSONAL NAME
Personal name Benson, Denis.
9 (RLIN) 207591
245 10 - TITLE STATEMENT
Title Mechanisms of oxidation by metal ions /
Statement of responsibility, etc. D. Benson.
260 ## - PUBLICATION, DISTRIBUTION, ETC. (IMPRINT)
Place of publication, distribution, etc. Amsterdam ;
-- New York :
Name of publisher, distributor, etc. Elsevier Scientific Pub. Co.,
Date of publication, distribution, etc. c1976.
300 ## - PHYSICAL DESCRIPTION
Pagination viii, 225 p. :
Illustrations ill. ;
Size 22 cm.
504 ## - BIBLIOGRAPHY, ETC. NOTE
Bibliography, etc Includes bibliographical references and index.
650 #0 - SUBJECT ADDED ENTRY--TOPICAL TERM
Topical term or geographic name as entry element Oxidation.
9 (RLIN) 207593
Topical term or geographic name as entry element Metal ions.
9 (RLIN) 170011
Topical term or geographic name as entry element Oxidizing agents.
9 (RLIN) 207594
830 ## - SERIES ADDED ENTRY--UNIFORM TITLE
Uniform title Reaction mechanisms in organic chemistry ;
Volume number/sequential designation monographs, 10
942 ## - ADDED ENTRY ELEMENTS (KOHA)
Source of classification or shelving scheme Dewey Decimal Classification
Koha item type Books
Holdings
Lost status Source of classification or shelving scheme Damaged status Not for loan Collection code Permanent Location Current Location Shelving location Date acquired Source of acquisition Total Checkouts Full call number Date last seen Copy number Koha item type
  Dewey Decimal Classification   Not For Loan Non-fiction Central Library, University of Rajshahi Central Library, University of Rajshahi Reading Room 30/10/1980 Netherland   547.23 BEM 1976 16/04/2017 C-1 Books